Big mama and grandma Ghana (Record no. 3022)

MARC details
000 -LEADER
fixed length control field 00810nam a22002657a 4500
001 - CONTROL NUMBER
control field 3022
003 - CONTROL NUMBER IDENTIFIER
control field FISKH
005 - DATE AND TIME OF LATEST TRANSACTION
control field 20250828155003.0
008 - FIXED-LENGTH DATA ELEMENTS--GENERAL INFORMATION
fixed length control field 240131b cb ||||| |||| 00| 0 eng d
020 ## - INTERNATIONAL STANDARD BOOK NUMBER
International Standard Book Number 9780590273848
040 ## - CATALOGING SOURCE
Original cataloging agency FISKH
Language of cataloging eng
Transcribing agency FISKH
Modifying agency FISKH
050 ## - LIBRARY OF CONGRESS CALL NUMBER
Classification number PZ7.M51274
082 ## - DEWEY DECIMAL CLASSIFICATION NUMBER
Classification number 306.8
100 ## - MAIN ENTRY--PERSONAL NAME
Personal name Medearis, Angela Shelf
245 ## - TITLE STATEMENT
Title Big mama and grandma Ghana
Statement of responsibility, etc. by Medearis, Angela Shelf : illustrated by Russell, Lynne
260 ## - PUBLICATION, DISTRIBUTION, ETC.
Place of publication, distribution, etc. New York :
Name of publisher, distributor, etc. Scholastic ,
Date of publication, distribution, etc. 1994
300 ## - PHYSICAL DESCRIPTION
Extent 24 pages :
Other physical details color illustrations ;
Dimensions 24 cm .
505 ## - FORMATTED CONTENTS NOTE
Formatted contents note K <br/>
520 ## - SUMMARY, ETC.
Summary, etc. Miles enjoys spending time with both of his grandmas.
521 8# - TARGET AUDIENCE NOTE
Target audience note 540 <br/>
Source Lexile <br/>
521 8# - TARGET AUDIENCE NOTE
Target audience note K <br/>
Source Raz-Plus <br/>
600 ## - SUBJECT ADDED ENTRY--PERSONAL NAME
Source of heading or term grandmothers
Form subdivision fiction
700 ## - ADDED ENTRY--PERSONAL NAME
Personal name Russell, Lynne
Relator term illustrator
942 ## - ADDED ENTRY ELEMENTS (KOHA)
Source of classification or shelving scheme Dewey Decimal Classification
Koha item type Books
Suppress in OPAC No
Holdings
Withdrawn status Lost status Source of classification or shelving scheme Damaged status Not for loan Collection Home library Current library Shelving location Date acquired Total Checkouts Full call number Barcode Date last seen Price effective from Koha item type Copy number
    Dewey Decimal Classification     Juvenile Fiction Footprints International School Library Network Toul Tom Poung Campus Footprints International School Library Network Toul Tom Poung Campus TTP Primary Yellow Bookshelves 01/31/2024   MED 306.8 PZ7.M51274 FISBK05288 01/31/2024 01/31/2024 Books  
    Dewey Decimal Classification     Juvenile Fiction Footprints International School Library Network Toul Tom Poung Campus Footprints International School Library Network Toul Tom Poung Campus TTP Primary Yellow Bookshelves 08/28/2025   MED 306.8 PZ7.M51274 FISTK02621 08/28/2025 08/28/2025 Books 2